| 000 | 01219cam a2200289 a 4500 | ||
|---|---|---|---|
| 001 | 2439295 | ||
| 003 | ARRUPE | ||
| 005 | 20131127133031.0 | ||
| 008 | 880615r19891988nyu 000 0 eng | ||
| 010 | _a 88045441 | ||
| 020 |
_a0394573420 : _c$19.95 |
||
| 040 |
_aDLC _cDLC _dDLC |
||
| 043 | _an-us--- | ||
| 050 | 0 | 0 |
_aE743 _b.C64 1988 |
| 100 | 1 |
_aCooke, Alistair, _d1908-2004. _94216 |
|
| 245 | 1 | 0 |
_aAmerica observed : _bfrom the 1940s to the 1980s / _cAlistair Cooke ; selected and introduced by Ronald A. Wells. |
| 260 |
_aNew York : _bKnopf : _bDistributed by Random House, _c1989, c1988. |
||
| 300 |
_axiii, 232 p. ; _c22 cm. |
||
| 500 | _a"All but four of the pieces in this book were filed as daily dispatches to what was then known as the Manchester Guardian between 1946 and 1972"--P. xi. | ||
| 500 | _a"Originally published in Great Britain by Penguin Books Ltd., London"--T.p. verso. | ||
| 651 | 0 |
_aUnited States _xPolitics and government _y1945-1989. _94217 |
|
| 651 | 0 |
_aUnited States _xSocial life and customs _y1945-1970. _94218 |
|
| 700 | 1 |
_aWells, Ronald, _d1941- _94219 |
|
| 906 |
_a7 _bcbc _corignew _d1 _eocip _f19 _gy-gencatlg |
||
| 942 |
_2lcc _cMONOGRAPH |
||
| 999 |
_c118781 _d118781 |
||